000 01108aam a2200325 i 4500
001 768714001
003 CO-MdFUSB
005 20230208155606.0
007 ta
008 160531t1990 is f |||| 00| 0 eng d
020 _a9651701927
040 _aCO-MdFUSB
_bEspañol
_cCO-MdFUSB
_dCO-MdFUSB
_erda
041 0 _aeng
082 0 4 _a221.2
_223
_bE931n
245 1 0 _aA new concordance of the Bible
_b: theasaurus of the languaje of the Bible hebrew and aramaic roots, words, proper names phrases and synonyms
_c / editado por Abraham Even-Shoshan
264 1 _aJerusalem
_b : Kiryat Sefer,
_c[1990]
264 4 _c© 1990
300 _a1242 páginas
_c; 28 cm
336 _2rdacontent
_atexto
_btxt
337 _2rdamedia
_asin mediación
_bn
338 _2rdacarrier
_avolumen
_bnc
505 _aConcordancia del Antiguo Testamento
563 _aPasta dura
650 0 _916
_aBiblia
653 _a- HEBREO
_a BIBLIA. A.T.
_a - TEXTOS ORIGINALES
_a - CONCORDANCIAS
700 _97822
_aEven-Shoshan, Abraham,
_eeditor
942 _cBK
945 _aJTF-925
999 _c31684
_d31684